[Event "RUS-ch 53rd"]
[Site "Samara"]
[Date "2000.06.23"]
[Round "7"]
[White "Ibragimov, Ildar"]
[Black "Totsky, Leonid"]
[Result "1-0"]
[WhiteElo "2610"]
[BlackElo "2520"]
[Annotator "Tsesarsky,I"]
[PlyCount "119"]
[EventDate "2000.06.03"]
[EventType "swiss"]
[EventRounds "11"]
[EventCountry "RUS"]
[SourceTitle "CBM 078"]
[Source "ChessBase"]
[SourceDate "2000.10.18"]
[SourceVersion "1"]
[SourceVersionDate "2000.10.18"]
[SourceQuality "1"]

1. d4 e6 2. c4 d5 3. Nf3 c5 4. cxd5 exd5 5. g3 Nc6 6. Bg2 Nf6 7. O-O Be7 8. Be3
c4 9. Ne5 O-O {In this opening variation Black can't equalize.} (9... Qa5 10.
b3 cxb3 11. Qxb3 O-O 12. Rc1 Nxe5 13. dxe5 Ne4 14. Nc3 Nxc3 15. Qxc3 Bb4 16.
Qd3 $14 {1-0 Brestian,Egon-Lalic,Susan/Cappelle op Cappelle la Grande (8) ;TD
1993 (28)}) (9... Be6 10. b3 cxb3 11. Qxb3 Qb6 12. Qxb6 (12. Rc1 Qa6 13. Nc3
O-O 14. Rab1 Ba3 15. Nxc6 bxc6 16. Rd1 Bf5 $15 {0-1 Adrian,Claude-Bisby,Daniel
L/Lloyds Bank op (5) ;EXT 2000 1994 (27)}) 12... axb6 13. Nc3 $14 {[%csl Rb6,
Rd5]}) 10. b3 (10. Nxc6 $5 bxc6 11. b3 cxb3 12. axb3 Qb6 13. Qd3 a5 14. Rc1 $14
{[%csl Ra5,Rb3,Rc6] 1-0 Taimanov,M-Marjanovic,S/Vrnjacka Banja 1977/Inf 23 (41)
}) 10... cxb3 (10... Ng4 $2 $16 {See comments to the game  1-0 Nikolaidis,
Ioannis-Skembris,Spyridon/GRE-ch 48th Athens (10) ;CBM 69 1998 (43) (Tsesarsky)
}) 11. Qxb3 Na5 (11... Qb6 $5 12. Rc1 $1 {See comments to the game  Kortschnoj,
Viktor-Kasparov,Gary (6)/Candidats sf1 ;Kasparov 1983/0-1 (78)} (12. Qxb6 axb6
13. Rc1 (13. Nc3 Nb4 14. Bg5 Be6 15. Rfc1 $14 {[%csl Rb6,Rb7,Rd5] 1/2-1/2
Atalik,Suat-Tilak,Sharad S/Dubai ol (Men) (6) ;TD 1986 (31)}) 13... Nb4 14. Nc3
Be6 15. a3 Nc6 16. Nb5 Rfc8 $14 {[%csl Rb6,Rb7,Rd5]})) (11... Bd6 12. Nxc6 bxc6
13. Rc1 $14) 12. Qa4 Be6 (12... a6 $5 13. Bd2 Nc4 14. Nxc4 b5 15. Qa5 (15. Ba5
$6 Qe8 16. Qc2 bxc4 17. Nc3 Be6 18. e4 dxe4 19. Nxe4 Nd5 20. Nc5 Bxc5 21. dxc5
Qe7 22. Bb6 Rab8 $132 {1-0 Brestian,Egon-Lendwai,Reinhard/AUT-ch ;EXT 97 1991 
(40)}) 15... bxc4 16. Qxd8 Rxd8 (16... Bxd8 17. Bg5 Bb7 18. Bxf6 Bxf6 19. e3
Rad8 20. Nc3 $14 {Novik,Maxim-Schmittdiel,Eckhard/Dortmund op-A (8) ;TD 1993/
1-0 (53)}) 17. Ba5 Re8 (17... Rd7 18. Nc3 Bb7 19. Rab1 $14) 18. Nc3 Be6 19.
Rfb1 $14 {Brunner,Lucas-Novik,Maxim/Dortmund op-A (6) ;TD 1993/1/2-1/2 (78)} (
19. Rab1 Reb8 (19... Bd8 20. Bxd8 Rexd8 21. Rb6 $14 {1-0 Cifuentes Parada,
Roberto-Alonso,Rene/Capablanca mem-B (8) ;CBM 52 ext 1996 (45)}) 20. f3 $6 (20.
Bc7 $1 Rxb1 (20... Rb4 21. Be5 {[%csl Rd5][%cal Ge5f6]} a5 (21... Re8 {[%cal
Ge8e2]} 22. Bxf6 Rxb1 23. Rxb1 Bxf6 24. Nxd5 Bxd5 25. Bxd5 Bxd4 (25... c3 26.
e3 $16) 26. Bxc4 $16) 22. Bxf6 Bxf6 23. Nxd5 $16) 21. Rxb1 $14) 20... Ba3 21.
e4 Bb2 $132 {Kaplun,Leonid I-Stripunsky,Alexander/Kherson ;EXT 97 1990/0-1 (65)
})) 13. Bd2 $6 {This move weaken d4 P and permit to Black next strong move} (
13. Nd2 $6 a6 14. Nb3 Nc4 15. Nxc4 b5 16. Qa5 dxc4 17. Qxd8 Rfxd8 18. Na5 Bd5
$132 {0-1 Adamski,Jan-Zolnierowicz,Krzysztof/POL-ch Poznan (11) ;MCD 1984 (41)}
) (13. Na3 $6 Ne4 (13... Bxa3 14. Qxa3 Ng4 15. Bd2 $14 {1/2-1/2 Sher,Miron
N-Dittmar,Peter/Wangs Pizol op (7) ;EXT 97 1996 (23)}) 14. Bxe4 dxe4 15. Bd2
Nc6 16. Nxc6 bxc6 17. Nc2 Qd5 $11 {1/2-1/2 Karsa,Laszlo-Arkhipov,Sergey/
Kecskemet op (9) ;EXT 2000 1985 (38)}) (13. Rc1 $1 {Can be recommended} b6 (
13... Nc4 {Now bad is} 14. Nxc4 dxc4 15. Bxb7 $16) 14. Bd2 Rc8 15. Na3 Bxa3 16.
Qxa3 Nc4 17. Nxc4 dxc4 18. Rd1 Re8 19. Bg5 Bd5 20. Bxf6 gxf6 21. Bf1 $14 {
1/2-1/2 Ksieski,Zbigniew-Hamann,Sven/Schwaebisch Gmuend op ;CBM 45 ext 1995 
(34)} (21. Bxd5 Qxd5 22. e3 $14)) 13... Nc4 $1 $132 14. Nxc4 (14. Rc1 Qb6 $132)
14... dxc4 {[%csl Rb7,Rd4]} 15. e3 Nd5 $6 (15... Qc8 $142 16. Nc3 (16. Rc1 {
[%csl Rf3]} a6 17. Qa5 b5 $1 $132 18. a4 (18. Bxa8 $2 Qxa8 $17) 18... Bd5 $132)
16... a6 17. Qc2 Bh3 $11 (17... b5 18. Bxa8 Qxa8 19. f3 b4 20. Ne4 c3 $14 {
Ninov,Kiril-Baburin,Alexander/Cappelle op Cappelle la Grande (9) ;EXT 99 1994/
1-0 (55)})) (15... Bd5 $142 $5 16. Bxd5 Qxd5 17. Nc3 Qe6 18. Qb5 Rfb8 19. d5
Qc8 20. a4 a6 21. Qb1 Qh3 22. f3 $132 {1/2-1/2 Cifuentes Parada,Roberto-Garcia,
Gildardo/Capablanca mem (10) ;CBM 48 1995 (40)}) (15... Rb8 $2 16. Qxa7 b5 17.
Ba5 Qe8 18. Bc7 $14 {1/2-1/2 Frentzas,P-Haritakis,Theodoros/GRE-chT Athens (7)
;CBM 55 ext 1996}) 16. Nc3 a6 $4 $18 {[%mdl 8192] White now force
opponent-colour BB and 4 RR endgame with P over.} (16... Nb6 $142 17. Qa5 $14)
17. Nxd5 $1 Bxd5 18. Ba5 $1 Qd6 $8 19. Bb4 $1 {Nice impact!} Qxb4 $8 20. Qxb4
Bxb4 21. Bxd5 {[%csl Rb7,Rc4]} c3 22. Bxb7 Ra7 23. Be4 {[%cal Ge4c2] White
place his B to c2- to Blockade Pc} Ba3 24. Rab1 Bb2 25. Bc2 Rb7 26. Rfd1 Rfb8
27. Rd3 Kf8 28. f4 {According to the rule - allocate your PP on the same to
partner's Bishop colour...} (28. e4 $5 $18 {[%cal Gf2f4,Gg1g2]}) 28... Ke7 (
28... f5 29. Kg2 Ke7 30. Kf3 {-like in this game}) 29. Kf2 (29. e4 $5 $18)
29... f5 30. Kf3 g6 31. g4 Kf6 32. h4 Rc7 33. Rdd1 Re8 34. Rg1 Rce7 35. Rbe1
Bc1 $5 {Black tryes by piece sacrifice to complicate the game.} ({Hopeless also
} 35... Rd8 36. gxf5 gxf5 37. Rg5 Rd5 38. Reg1 $18 {[%csl Rb2][%cal Gg5h5]}) (
35... fxg4+ 36. Rxg4 Rd8 {[%csl Rd4][%cal Ge3e4]} 37. Rd1 {[%cal Ge3e4]} Red7
38. Rg5 $18 {[%csl Rb2][%cal Gh4h5]}) 36. g5+ Kg7 37. Rxc1 Rxe3+ 38. Kf2 Re2+
39. Kf1 Rh2 40. Bb3 Ree2 {[%csl Rf1][%cal Gh2f2]} (40... Rxh4 41. Rxc3 Rxf4+
42. Kg2 Rg4+ 43. Kf2 Rf4+ 44. Rf3 Rxd4 45. Rc1 Re7 46. Rc6 $18) 41. Rg3 $8 c2
42. Kg1 Rd2 43. d5 Rhe2 44. Kf1 (44. Bxc2 $18) 44... Rf2+ 45. Kg1 Rfe2 46. Bxc2
$1 {[%mdl 4096]} Rxc2 47. Rxc2 Rxc2 48. Rd3 Kf7 49. d6 Ke8 50. Re3+ Kd7 51.
Re7+ Kxd6 52. Rxh7 Rxa2 53. Rg7 Ra4 (53... Kd5 54. Rxg6 Ke4 55. Rc6 $1 (55. h5
$2 Kxf4 56. h6 Kg3 57. Kf1 Rh2 58. Rf6 f4 59. g6 f3 60. Ke1 Rh1+ $1 (60... Rxh6
61. g7 Rxf6 62. g8=Q+ $18) 61. Kd2 Rxh6 62. g7 Rxf6 63. g8=Q+ Kf2 $11) 55...
Kf3 56. Rc3+ Kxf4 57. g6 Ra1+ 58. Kh2 Rd1 59. h5 Kg5 60. g7 Rd8 61. g8=Q+ $18)
54. Rxg6+ Ke7 55. h5 Rxf4 56. h6 Rh4 57. Rxa6 Rg4+ 58. Kf2 Rxg5 59. h7 Rh5 60.
Ra8 1-0

[Event "Chigorin Memorial 07th"]
[Site "St Petersburg"]
[Date "1999.11.03"]
[Round "2"]
[White "Shinkevich, Vitaly"]
[Black "Jaghubov, Emin Z"]
[Result "1-0"]
[WhiteElo "2428"]
[BlackElo "2315"]
[Annotator "Tsesarsky,I"]
[PlyCount "67"]
[EventDate "1999.11.02"]
[EventType "swiss"]
[EventRounds "9"]
[EventCountry "RUS"]
[SourceTitle "CBM 074"]
[Source "ChessBase"]
[SourceDate "2000.02.01"]
[SourceVersion "1"]
[SourceVersionDate "2000.02.01"]
[SourceQuality "1"]

1. d4 d5 2. c4 c6 3. Nf3 e6 4. e3 Bd6 5. Nbd2 f5 (5... Ne7 6. Bd3 (6. b3 Nd7 7.
Bb2 b6 8. Bd3 O-O 9. O-O a6 10. Rc1 Bb7 11. Qe2 Rc8 12. Bb1 Re8 $11 {1-0 Pahtz,
E-Berzina,I/Cala Caldana g-12 1996 (44)}) 6... Nd7 7. e4 $14) 6. Be2 (6. Ne5
Nf6 7. f4 O-O 8. Be2 (8. Bd3 Ne4 9. O-O Nd7 10. Ndf3 Ndf6 11. c5 (11. Qc2 Bd7
12. Bd2 Rc8 13. b4 Be8 14. a4 h6 15. Rab1 g5 16. c5 Bc7 17. b5 g4 18. Ne1 $14 {
1-0 Holmsgaard,H-Johansen,M/Tonder 1993 (45)}) 11... Bxe5 12. Nxe5 Bd7 13. Bd2
Be8 14. Be1 Nd7 15. Nxd7 Qxd7 16. b4 Qe7 17. a4 a6 18. Kh1 $14 {1/2-1/2 Tunik,
G-Burmakin,V/St Petersburg Petrov 1994 (57)}) 8... Ne4 9. O-O Nd7 10. Nxe4 dxe4
11. Nxd7 Bxd7 12. Bd2 $11 {1-0 Grosser,W-Michel,P/Bad Elster 1937 (31)}) (6. c5
Bc7 7. b4 Nf6 8. Bb2 O-O 9. Bd3 Ne4 10. O-O Qf6 11. Ne5 Nd7 12. Ndf3 g5 13.
Nxd7 Bxd7 14. Ne5 Qg7 15. f3 Nf6 16. Qe2 $14 {1/2-1/2 Voitsekhovsky
Stanislav-Volkov Sergey/Voronezh RUS 1991 (51)}) 6... Nf6 (6... Nd7 7. b3 Nh6
8. Bb2 Qf6 9. Qc1 O-O 10. Ba3 Nf7 11. O-O g5 12. Bxd6 Nxd6 13. Qa3 Nf7 14. b4
g4 15. Ne1 e5 16. Qb3 exd4 17. exd4 Nb6 18. c5 Nd7 19. Nc2 Qh6 $132 {1/2-1/2
Androvitzky,K-Gereben,E/HUN-ch 1951 (40)}) 7. O-O O-O 8. Ne5 Nbd7 9. f4 c5 $5
$132 10. a4 (10. b3 $5) 10... b6 11. a5 a6 $6 (11... bxa5 12. Nb3 Ne4 13. Rxa5
$132) 12. Kh1 (12. axb6 Qxb6 $132) 12... Bb7 $2 $16 (12... bxa5 $132) 13. axb6
Qxb6 (13... Nxb6 14. b4 cxd4 15. c5 dxe3 16. Nb3 Bxe5 17. fxe5 Ne4 18. cxb6
Nf2+ 19. Rxf2 exf2 20. Be3 $16) 14. b4 $1 cxb4 15. c5 Nxc5 16. dxc5 Bxc5 17.
Nb3 Bxe3 18. Bxe3 Qxe3 19. Rf3 Qb6 20. Qd4 Qxd4 21. Nxd4 $16 {[%csl Yd4,Ye5]
Blocade - from the book of Aron Nimzovich.} Rfe8 (21... a5 22. Nxe6 Rfc8 23.
Rb3 Ne4 24. Kg1 Nd2 25. Rd3 Nc4 26. Nxc4 dxc4 27. Rd7 Be4 28. Nc7 Ra7 29. Bxc4+
Kh8 30. Rad1 h6 31. Rd8+ Rxd8 32. Rxd8+ Kh7 33. Nb5 Re7 34. Bg8+ (34. Bb3 g5)
34... Kg6 35. Bb3 Kh5 36. Bd1+ Kh4 37. Kf2 $16) 22. Ra5 $1 Rac8 23. Rf1 Ne4 24.
Ra4 b3 25. Rb4 Nd2 $2 $18 (25... Rc7 26. Nxb3 $16) 26. Rd1 a5 (26... Ne4 27.
Rxb7 (27. Kg1 Rc7 28. Rxb3 $18) 27... Nf2+ 28. Kg1 Nxd1 29. Bxd1 Rc1 30. Nxe6
Rxd1+ 31. Kf2 Kh8 32. Nf7+ Kg8 33. Nd6 Rd2+ 34. Kg3 Rd3+ 35. Kh4 g5+ 36. Nxg5
$18) 27. Rxb7 Rb8 28. Ra7 b2 29. Bd3 b1=Q 30. Bxb1 Nxb1 31. h3 a4 32. Rc1 Rec8
33. Rxc8+ Rxc8 34. Nxe6 1-0

[Event "Chalapathi GM"]
[Site "Guntur"]
[Date "2000.04.10"]
[Round "8"]
[White "Fominyh, Alexander"]
[Black "Prakash, GB."]
[Result "1-0"]
[WhiteElo "2550"]
[BlackElo "2435"]
[Annotator "Tsesarsky,I"]
[PlyCount "89"]
[EventDate "2000.04.03"]
[EventType "tourn"]
[EventRounds "13"]
[EventCountry "IND"]
[EventCategory "10"]
[SourceTitle "CBM 077"]
[Source "ChessBase"]
[SourceDate "2000.07.27"]
[SourceVersion "1"]
[SourceVersionDate "2000.07.27"]
[SourceQuality "1"]

1. d4 d5 2. c4 c6 3. Nf3 Nf6 4. e3 e6 5. Nbd2 {In this modest variation White
can't receive advantage.} Nbd7 6. Bd3 Bd6 7. O-O O-O 8. e4 e5 9. cxd5 cxd5 10.
exd5 exd4 11. Nc4 (11. Ne4 {-another mainline}) 11... Bc5 (11... Nc5 12. Nxd6 (
12. Bg5 h6 13. Bh4 Be7 $11 {0-1 Mattick,Lutz-Ehrke,Anja/BL2-N9899 Germany (6) ;
GER-chT2 1999 (39)}) 12... Qxd6 13. Bc4 Bg4 14. Qxd4 Bxf3 15. gxf3 Ne6 {
This position played in some games, and White advantage was proved:} 16. Qd3 (
16. Qh4 Nxd5 17. Rd1 Nec7 18. Qg3 Qc6 19. Bb3 (19. b3 Nc3 20. Re1 b5 21. Bb2 b4
22. Re4 N7d5 23. Rae1 Nf6 24. Re7 $14 {1-0 Izeta Txabarri,Felix-San Segundo,
Pablo/San Sebastian op (8) ;EXT 97 1995 (39)}) 19... Ne7 20. Bd2 $5 $14 (20.
Bg5 $6 Nf5 21. Qg4 g6 {Bg5 placed not in a best square} 22. Rac1 Qb6 23. Bc2
Ng7 24. Bb3 Nf5 25. Bc2 (25. Rd7 Ne6 26. Bxe6 Qxe6 27. Rxb7 Qxa2 $11) 25... Ng7
26. Be3 Qxb2 27. Bd4 Qxa2 28. Bb1 Qa5 29. Bc3 Qb6 30. Bd4 Qa5 31. Bc3 Qb6 32.
Bd4 {1/2-1/2 Salov,Valery-Anand,Viswanathan/Linares (8) ;CBM 28 1992})) 16...
Rad8 17. Rd1 Nf4 18. Bxf4 (18. Qf5 N4xd5 19. Bg5 $14 (19. b3 Ne7 20. Rxd6 Nxf5
21. Rxd8 Rxd8 $11 {1-0 Lengyel,Levente-Flesch,Janos/HUN-ch Budapest ;MCD 1961 
(45)})) 18... Qxf4 19. Rac1 $14) (11... Nb6 12. Nxd4 (12. Bg5 Nbxd5 (12... Bg4
13. Nxb6 axb6 14. h3 Bh5 15. g4 Bg6 16. Bxg6 hxg6 17. Qxd4 Bc5 18. Bxf6 gxf6
19. Qd3 $16 {1-0 Gurevich,Mikhail-Kelleher,William/World op Philadelphia ;EXT
97 1994 (30)}) 13. Nxd4 Bc5 14. Nb3 Be7 15. Ne3 {1/2-1/2 Knezevic,
Milorad-Nikolic,Predrag/YUG-ch Borovo (13) ;EXT 99 1981}) 12... Nxc4 13. Bxc4
Qc7 14. b3 Bxh2+ 15. Kh1 Be5 16. f4 Bg4 17. Qd3 Bxd4 18. Qxd4 Rfe8 19. Bb2 Re4
20. Qf2 $14 {Ftacnik,Lubomir-Nikolic,Predrag/Vrsac (10) ;MCD 1981/1/2-1/2 (50)}
) 12. Qc2 $146 {[%cal Gc2h7] Another continuations are not promise for White
any advantage:} (12. a3 a5 13. Bd2 Nxd5 14. Nxa5 Ne3 15. fxe3 $8 dxe3 16. Kh1
exd2 17. Nc4 $11 (17. b4 Be3 $132 {Nikolic,Predrag-Gurevich,Dmitry/Biel
Interzonal (5) ;CBM 37 1993/0-1 (50)})) (12. Bg5 h6 13. Bh4 b5 (13... Nb6 14.
Nxb6 Qxb6 15. Rc1 Nxd5 16. Bb1 g6 $44 {0-1 Kallai,Gabor-Dao Thien Hai/Budapest
FS06 GM (1) ;CBM 49 1995 (33)}) 14. Ncd2 Qb6 15. Nb3 Nxd5 16. Nxc5 Nxc5 17. Bb1
d3 $11 {1/2-1/2 Fatalibekova,Elena-Gagloshvili,Raissa/Moscow (Women) ;EXT 98
1995 (19)}) 12... h6 {[%cal Gf6d5]} 13. a3 {[%cal Gb2b4]} (13. d6 b5 14. Ncd2
Qb6 15. Nb3 $44) 13... b5 $6 $14 (13... a5 $1 {[%csl Yb4]} 14. Bd2 (14. Ncd2
$44) 14... a4 (14... Nxd5 15. Nxa5 $14) 15. Nce5 (15. Rfe1 Nxd5 $15) 15... Nxe5
$1 (15... Bb6 16. Bb4 Re8 17. Rae1 Nxe5 (17... Nxd5 $4 18. Bh7+) 18. Nxe5 Bd7 (
18... Qxd5 19. Bc4 Qxe5 20. Rxe5 Rxe5 21. Bd6 $16) 19. d6 Rc8 20. Qb1 $14) 16.
Nxe5 Qxd5 17. Rfe1 {[%cal Gd3c4]} b5 $5 18. Bxb5 Bb7 19. Bf1 Bd6 20. Nd3 $132)
14. Ncd2 Bb7 (14... a6 15. b4 Ba7 16. Bb2 Bb7 17. Nxd4 Nxd5 18. Nc6 Bxc6 19.
Qxc6 Nf4 20. Be4 $14) 15. Bxb5 Bxd5 16. b4 Bd6 (16... Bb6 17. Bb2 Rc8 18. Qd3
$16 {[%csl Rd4]}) 17. Bc4 $6 {Based on tactical blunder} (17. Nxd4 $6 Qb8 18.
f4 (18. N2f3 Bxf3 $17) 18... a5 $1 (18... Bxf4 19. N2f3 $11) 19. Bxd7 Nxd7 20.
b5 Bxf4 21. N2f3 Bd6 $15) ({Right was} 17. Bb2 $1 {[%csl Rd4]} Rc8 18. Qf5 $14)
17... Rc8 18. Qd3 $8 Bxh2+ $5 (18... Bxf3 19. Nxf3 Bxh2+ $1 20. Kxh2 (20. Nxh2
Ne5 21. Qg3 Nxc4 22. Bxh6 Nh5 23. Qg4 Rc6 $132) 20... Qc7+ 21. Kg1 Qxc4 22.
Qxd4 $11) 19. Kxh2 (19. Nxh2 Ne5 20. Qxd4 Nxc4 21. Nxc4 Bxc4 (21... Rxc4 22.
Qxa7 $14) 22. Qxd8 Rfxd8 23. Re1 $11) 19... Ng4+ (19... Bxf3 20. Nxf3 (20. Qxd4
Ba8 21. Bb2 Nb6 $17) 20... Qc7+ 21. Kg1 Qxc4 22. Qxd4 $11) 20. Kg1 (20. Kg3
Nge5 21. Qxd4 Bxf3 22. gxf3 Qg5+ 23. Kh3 Qf5+ 24. Kg2 Qg5+ $11) 20... Nge5 {
[%csl Rc4,Rd3]} 21. Qxd4 (21. Nxe5 Nxe5 22. Qg3 (22. Qxd4 Nxc4 23. Nxc4 Rxc4
24. Qxa7 Qf6 25. Be3 Bxg2 $1 $17) 22... Nxc4 23. Nxc4 Rxc4 24. Bxh6 $11) 21...
Bxf3 22. Nxf3 Rxc4 23. Qd5 Nxf3+ 24. Qxf3 Ne5 25. Qg3 Qd5 (25... Re8 26. Bf4
Ng6 27. Be3 Rc3 $132) 26. Bf4 Ng6 27. Bd6 $2 $17 {Wrong place for B} (27. Be3
$142 Qh5 {[%cal Gc4h4]} 28. f4 $132) 27... Rd8 $6 $15 {Black immediately put
mistake.} (27... Rfc8 $1 {Rooks collaboration!} 28. Rfe1 (28. Bc5 Nf4 29. Rfe1
Qh5 30. Qe3 (30. Ra2 Nxg2 $1 $19) 30... Qg6 31. Qg3 Qxg3 32. fxg3 Nd3 33. Re7
Nxc5 34. bxc5 a5 35. Rd1 R4xc5 36. Rdd7 Rf5 $17) 28... Qh5 $17 {[%cal Gc4h4]})
28. Rad1 Qf5 (28... Qh5 29. f3 (29. Qf3 Qxf3 30. gxf3 {like in this game})
29... Rdc8 $15) 29. Qf3 $1 {Best chance - to change QQ even with defects of PP
structure.} (29. Bc5 Rxd1 30. Rxd1 Rg4 31. Qe3 Rxg2+ 32. Kxg2 Qg4+ 33. Kf1 (33.
Kh2 Nf4 $1 34. Rd8+ Kh7 35. Qg3 Qh5+ 36. Kg1 Ne2+ $19) 33... Qxd1+ 34. Kg2 Qg4+
35. Kf1 Qc4+ 36. Kg2 a6 $17) 29... Qxf3 30. gxf3 Nh4 $6 (30... Rc3 $1 31. a4
Rxf3 $1 (31... Ra3 32. a5 a6 33. Bc5 Rad3 34. Rxd3 Rxd3 35. Ra1 Ne5 (35... Rxf3
36. b5 Rf5 37. bxa6 $18) 36. f4 (36. b5 Rd5 37. bxa6 Rxc5 38. a7 Rc8 39. Rb1
Nc6 $19) 36... Nf3+ 37. Kg2 Nh4+ 38. Kf1 Ng6 39. b5 Rh3 40. Ra3 Rh5 41. bxa6
Nxf4 42. f3 Rxc5 43. a7 Rc1+ 44. Kf2 Rc2+ 45. Ke1 Rc8 46. Rb3 $18) 32. Bc5 Rxd1
33. Rxd1 a6 34. Rd8+ Kh7 35. Rd6 Ne5 36. Rxa6 Nd3 37. a5 Rf4 38. Rd6 Nxb4 39.
a6 Nxa6 40. Rxa6 $44) 31. f4 Nf5 $6 (31... a6 32. Bc5 Ra8 $1 {[%csl Rf4]} 33.
Rd7 Rxf4 34. Rfd1 $44) 32. Bc5 {[%mdl 4096]} Rxd1 $4 $18 {Wrong endgame
evaluation!} (32... Ra8 $5 33. Rd7 a5 $11) 33. Rxd1 a5 34. Rd5 $1 {free P b
will be changed by Black piece...} (34. Rd8+ Kh7 35. Rd5 axb4 36. axb4 Rxf4 37.
b5 Rg4+ 38. Kf1 (38. Kh2 Rh4+ 39. Kg2 Rh5 40. Kf3 Nd4+ $1 41. Rxd4 Rxc5 42. Rb4
$44) 38... Rg5 $1 {[%csl Rf1][%cal Gg5d5]} 39. Rd7 (39. b6 Ne3+ 40. Bxe3 (40.
fxe3 Rxd5 41. b7 Rd1+ $19) 40... Rxd5 $19) 39... Ng3+ 40. fxg3 Rxc5 41. Rxf7 (
41. b6 Kg6 42. b7 Rb5 $17) 41... Rxb5 $44) 34... axb4 35. axb4 g6 (35... Rxf4
36. b5 Rg4+ 37. Kf1 Rg5 38. Rd8+ {Very important check!} Kh7 39. b6 $18) 36. b5
Rc1+ 37. Kg2 Rb1 (37... f6 38. b6 Kf7 39. b7 Rb1 40. Rd7+ Ke6 41. Rc7 Nd6 42.
Rc6 Kd5 (42... Rxb7 43. Rxd6+ Kf5 44. Kg3 $18) 43. Bxd6 Kxc6 44. b8=Q Rxb8 45.
Bxb8 Kd5 46. Kf3 $18) 38. b6 Kg7 39. Rd7 Kf6 40. b7 Ke6 41. Rc7 {[%csl Yb7,Re6,
Rf5]} Nd6 42. Rc6 Kd5 43. Bxd6 Rxb7 44. Ra6 Ke4 45. Ra5 1-0